000 00382pab a2200157 454500
008 180718b1996 xxu||||| |||| 00| 0 eng d
100 _aRai, Rama Kant
245 _aHealth hazards of working children
260 _c1996
300 _ap.26-29
362 _aMay-Jun
650 _aHealth services
650 _aChild workers
773 _aHealth for the Millions
909 _a31932
999 _c31932
_d31932